Normal view
MARC view
- Insulated electric cables in two parts I. materials and design
Entry Topical Term
001 - CONTROL NUMBER
- control field: 102956
003 - CONTROL NUMBER IDENTIFIER
- control field: NUST
005 - DATE AND TIME OF LATEST TRANSACTION
- control field: 20221117163208.0
008 - FIXED-LENGTH DATA ELEMENTS
- fixed length control field: 221117|| aca||aabn | a|a d
040 ## - CATALOGING SOURCE
- Original cataloging agency: NUST
- Transcribing agency: NUST
150 ## - HEADING--TOPICAL TERM
- Topical term or geographic name entry element: Insulated electric cables in two parts I. materials and design
670 ## - SOURCE DATA FOUND
- Source citation: Work cat.: (NUST)180976: Beaver C J 102955, Insulated electric cables in two parts, 1926
